Tehreek-e-Pakistan Pasmanzar Aain Tajzeo (Record no. 7385)
[ view plain ]
| 000 -LEADER | |
|---|---|
| fixed length control field | 00295nam a2200109Ia 4500 |
| 100 ## - MAIN ENTRY--AUTHOR NAME | |
| Personal name | Pro: Shareef-ul-Mujahid |
| 245 #0 - TITLE STATEMENT | |
| Title | Tehreek-e-Pakistan Pasmanzar Aain Tajzeo |
| 260 ## - PUBLICATION, DISTRIBUTION, ETC. (IMPRINT) | |
| Place of publication | Karachi |
| Name of publisher | Quaid-e-Azam Academy |
| Year of publication | 223 |
| 300 ## - PHYSICAL DESCRIPTION | |
| Number of Pages | 1979 |
| 942 ## - ADDED ENTRY ELEMENTS (KOHA) | |
| Koha item type | Books |
| Withdrawn status | Lost status | Permanent Location | Current Location | Date acquired | Full call number | Accession Number | Koha item type |
|---|---|---|---|---|---|---|---|
| | | MAJU | MAJU | 2019-09-12 | 928.3 | 1242 | Books |